000 00541nam a2200217Ia 4500
003 OSt
005 20220928140608.0
006 a|||||r|||| 00| 0
007 ta
008 220927b |||||||| |||| 00| 0 eng d
024 _a9768
037 _cTextual
040 _aSDCL
_cSDCL
_beng
041 _2eng
_aeng
082 _aO-,3M:g, G2
100 _aTompkins J M S
_9496129
245 0 _aPopular novel in England 1770-1800.
260 _c1932
942 _hO-,3M:g, G2
_cTEXL
_2CC
999 _c812395
_d812395